000 01976nam a22002057a 4500
003 0
005 20241019132240.0
008 241019b xxu||||| |||| 00| 0 eng d
020 _a9781032414102
050 _aHB 74
_b.C37 2024
100 _aCartwright, Edward,
_eauthor.
245 _aBehavioral economics /
_cEdward Cartwright.
250 _a4th ed.
260 _aNew York, NY :
_bRoutledge,
_c2024.
300 _axxx, 577 p. :
_bill. ;
_c24 cm.
504 _aincludes bibliographical references and index.
520 _a"Over the last few decades behavioral economics has revolutionized the discipline. It has done so by putting the human back into economics, by recognizing that people sometimes make mistakes, care about others and are generally not as cold and calculating as economists have traditionally assumed. The results have been exciting and fascinating, and have fundamentally changed the way we look at economic behavior. This textbook introduces all the key results and insights of behavioral economics to a student audience. Ideas such as mental accounting, prospect theory, present bias, inequality aversion and learning are explained in detail. These ideas are also applied in diverse settings, such as auctions, stock market crashes, charitable donations and health care, to show why behavioral economics is crucial to understanding the world around us. Consideration is also given to what makes people happy, and how we can potentially nudge people to be happier. This new edition contains expanded and updated coverage of several topics and applications, including fraud and cybercrime, cryptocurrency, public health messaging, and the COVID-19 pandemic. The companion website is also updated with a range of new questions and worked examples. This book remains the ideal introduction to behavioral economics for advanced undergraduate and graduate students"--Provided by publisher.
650 _aEconomics
_vPsychological aspects.
942 _2lcc
_cBK
999 _c366602
_d366602